| 000 | 00437nam a2200121 4500 | ||
|---|---|---|---|
| 020 | _a9966896678 | ||
| 050 | 0 | 0 |
_aTD295 _b.W38 2005 |
| 245 | 1 | 0 |
_aWater from ponds, pans and dams : _ba manual on design, construction and maintenance / _cRegional Land Management UNit (RELMA in ICRAF. |
| 260 |
_aNairobi, Kenya : _bRegional Land Management UNit (RELMA in ICRAF, _cc2005. |
||
| 300 | _aviii, 119 p. ; | ||
| 650 | 0 | _bWater conservation. | |
| 942 | _cGEN | ||
| 999 |
_c753 _d753 |
||